| 000 | 00525nam a2200181 i 4500 | ||
|---|---|---|---|
| 001 | 50686 | ||
| 003 | ES-MaACL | ||
| 005 | 20250723061830.0 | ||
| 007 | t| | ||
| 008 | 030806s1917 fr ||||1| fre d | ||
| 100 | 1 |
_aCuq, Edouard. _942196 |
|
| 245 | 1 | 0 |
_aManuel des institutions juridiques des Romains / _cEdouard Cuq. |
| 260 |
_aParis : _b[s.n., _c1917] ( _fPlon-Nourrit) |
||
| 300 |
_aVIII, 928 p. ; _c24 cm. |
||
| 650 | 0 | 7 |
_aDerecho romano _2embne _911764 |
| 852 |
_aES-MaACL _jF-4968 |
||
| 999 |
_c50686 _d50686 |
||